Multiple choice questions on parasitology

Bibliographic Details
Corporate Author: Shekhar, K. Chandra
Format: Book
Published: Petaling Jaya : Pelanduk Publications , c1993
Subjects:

MARC

LEADER 00000cam a2200000 7i4500
001 0000000535
005 20021118093000.0
008 021118n
020 |a 967978441x 
090 0 0 |a QL757   |b .S4 (j1-3) 
110 0 |a Shekhar, K. Chandra 
245 0 0 |a Multiple choice questions on parasitology   |c K. Chandra Shekhar 
260 2 |a Petaling Jaya :   |b Pelanduk Publications ,   |c c1993 
300 |a 3 v. ; ;   |c 22 cm. 
650 0 |a Parasitology   |x Problems, exercises, etc. 
999 |a 1000032684   |b Book   |c OPEN SHELF (30 DAYS)   |e Tembila Campus 
999 |a 1000032685   |b Book   |c OPEN SHELF (30 DAYS)   |e Tembila Campus 
999 |a 1000032686   |b Book   |c OPEN SHELF (30 DAYS)   |e Gong Badak Campus